Statistiques concernant Animaux par images A-Z #1

Cliquez ici pour prendre le quiz!

Statistiques générales

  • Ce quiz a été pris 34 933 fois
    (34 186 depuis la dernière actualisation)
  • Le résultat moyen est 17 sur 26

Statistiques - réponses

Réponse% Correct
Éléphant
98%
Koala
97%
Autruche
96%
Flamant rose
95%
Hippopotame
95%
Guépard
94%
Jaguar
93%
Raie
90%
Babouin
88%
Iguane
87%
Zèbre
86%
Marmotte
84%
Colibri
74%
Daim
69%
Salamandre
66%
Yack
61%
Tapir
60%
Veuve noire
52%
Piranha
47%
Okapi
40%
Wallaby
29%
Lycaon
25%
Nasique
20%
Quetzal
15%
Urubu
9%
Xérus
5%

Distribution des résultats

Percentile par nombre de réponses

% des personnes avec chaque résultat

Votre développement - résultats

Vous n’avez pas pris ce quiz depuis la dernière actualisation